The hour of decision : Germany and world-historical evolution

An essay by the author of The Decline of the West, Oswald Spengler, on the need for "Prussianism" in order to save civilization from the "Coloured Peril," based on Spengler's view, just after the Naxi rise to power in 1933, that the white (European) tribes were under attack...

Full description

Saved in:
Bibliographic Details
Main Author: Spengler, Oswald
Format: Book
Language:Undetermined
Published: New York A. A. Knopf 1934
Subjects:
Tags: Add Tag
No Tags, Be the first to tag this record!
Institutions: Trung tâm Học liệu Trường Đại học Cần Thơ
LEADER 01292nam a2200229Ia 4500
001 CTU_217992
008 210402s9999 xx 000 0 und d
020 |c 27.5 
082 |a 909.82 
082 |b S747 
100 |a Spengler, Oswald 
245 4 |a The hour of decision : 
245 0 |b Germany and world-historical evolution 
245 0 |c Oswald Spengler; Translated from the German for the first time by Charles Francis Atkinson 
260 |a New York 
260 |b A. A. Knopf 
260 |c 1934 
520 |a An essay by the author of The Decline of the West, Oswald Spengler, on the need for "Prussianism" in order to save civilization from the "Coloured Peril," based on Spengler's view, just after the Naxi rise to power in 1933, that the white (European) tribes were under attack by colored races through a "war" by various political forces - enemies of the white race. Spengler's writings had a great effect on the racial thinking of Adolf Hitler. Chapters include The Political Horizon World War & New Powers The White World Revolution The Coloured World Revolution 
650 |a Civilization,Chính trị thế giới,Nền văn minh,World politics 
650 |x History,Lịch sử 
904 |i Trúc 
980 |a Trung tâm Học liệu Trường Đại học Cần Thơ